| 000 | 00000cas 2200000zi 4500 |
| 001 | 9.958292 |
| 003 | CaOODSP |
| 005 | 20260316115405 |
| 006 | m o d f |
| 007 | cr ||||||||||| |
| 008 | 251215d19601971oncmr p o f0###b0fre|d |
| 022 | |y0315-5730 |
| 040 | |aCaOODSP|bfre|erda|cCaOODSP |
| 043 | |an-cn--- |
| 086 | 1 |aC12-54F-PDF |
| 245 | 00|aCommerce extérieur. |
| 264 | 1|aOttawa : |bMinistère du Commerce, |c1960-1971. |
| 310 | |aMensuel |
| 336 | |atexte|btxt|2rdacontent/fre |
| 337 | |ainformatique|bc|2rdamedia/fre |
| 338 | |aressource en ligne|bcr|2rdacarrier/fre |
| 362 | 1 |aParaît depuis : Vol. 107, no. 1 (le 16 janvier 1960); cessé avec : Vol. 122, no. 10 (octobre 1971) |
| 500 | |aPublié aussi en anglais sous le titre : Foreign trade. |
| 550 | |aPublié par le ministère de l'Industrie et du Commerce, 1970- |
| 588 | |aDescription d'après : Vol. 107, no. 1 (le 16 janvier 1960) |
| 588 | |aDernière livraison consultée : Vol. 122, no. 10 (octobre 1971) |
| 650 | 6|aCommerce|vPériodiques. |
| 651 | 6|aCanada|xCommerce|vPériodiques. |
| 655 | 7|aPériodiques|2rvmgf |
| 710 | 1 |aCanada. |bMinistère du commerce, |eorganisme de publication. |
| 710 | 1 |aCanada. |bMinistère de l'industrie et du commerce, |eorganisme de publication. |
| 775 | 08|tForeign trade.|w(CaOODSP)9.958278 |